00999 2200169 4500245006200000020002200062250001500084100002600099650003300125005001900158260004300177041001400220084001000234500054300244490003300787336000900820 aRekreasi Matematika Jilid 4cHendry Ernest DudeneyhText a978-602-99744-1-6 aEd. Revisi aHendry Ernest Dudeney aRekreasi Matematika Jilid 4 a20231116110900 aJakartabPT INDONESIA PUBLISHINGc2013 aIndonesia a510.3 aSejarah teka-teki matematika sebenarnya adalah sebuah kisah nyata yang diawali dari sejak pertama kali manusia berpikir secara eksas.Seorang sejarawan harus mulai dengan waktu ketika manusia pertama kali berhasil menghitung sepuluh jarinya dan membagi dua apel menjadi dua bagian yang hampir sama besar.Semua teka-teki yang layak dipecahkan bisa dikaitkan dengan matematika dan logika.Setiap pria,wanita,dan anak-anak yang mencoba menjawab teka-teki yang termudah sekalipun telah berjalan melalui jalur matematika,meskipun tidak disadari. aRekreasi Matematika Jilid 4 atext